| 000 | 01186cam a22002897a 4500 | ||
|---|---|---|---|
| 999 |
_c13945 _d13945 |
||
| 003 | EG-ScBUE | ||
| 005 | 20200120124130.0 | ||
| 008 | 100427s2006 ua f b 000 p eng d | ||
| 020 | _a9770114774 | ||
| 040 |
_aEG-ScBUE _bara _erda _cEG-ScBUE _dEG-ScBUE |
||
| 082 | 0 | 4 |
_a892.715 _bك ا ش _222 |
| 100 | 1 |
_aكاشف، أحمد بن ذو الفقار، _d1878-1948 هـ.، _eمؤلف. _913715 |
|
| 245 | 1 | 0 |
_aديوان الكاشف. _nالجزء الأول / _cدراسة وتحقيق وتعليق أستاذ ودكتور محمد إبراهيم الجيوشي. |
| 264 | 1 |
_a[القاهرة] : _bالهيئة المصرية العامة للكتاب، _c2006. |
|
| 300 |
_a541 صفحة ؛ _c24 سم |
||
| 336 |
_2rdacontent _aنص _btxt |
||
| 337 |
_2rdamedia _aبدون وسيط _bn |
||
| 338 |
_2rdacarrier _aمجلد _bnc |
||
| 504 | _aيشتمل على إرجاعات ببليوجرافية. | ||
| 590 | _amahmoud sami | ||
| 650 | 7 |
_aالشعر العربي _xدواوين وقصائد. _2BUEsh _98538 |
|
| 651 | _2BUEsh | ||
| 653 |
_bARALIT _cJanuary2020 |
||
| 655 | _vReading book | ||
| 700 | 1 |
_aجيوشي، محمد إبراهيم، _eمحقق. _913714 |
|
| 942 |
_2ddc _cBB |
||